000 00285nam a2200109Ia 4500
008 230907s9999||||xx |||||||||||||| ||und||
082 _a305.42095491
_bAYE
245 4 _aThe women's movement in Pakistan :
260 _aI. B. Tauris,
_bNew York :
_c2018
300 _a398 p.
942 _cBK
999 _c600474
_d600474